Statistics for Квиз о Колумбији

Click here to take the quiz!

General Stats

  • This quiz has been taken 79 times
  • The average score is 13 of 18

Answer Stats

ОписОдговор% Correct
Званичан језикШпански
100%
Државе са којима се граничиБразил
99%
Државе са којима се граничиПеру
97%
Главни градБогота
94%
Државе са којима се граничиЕквадор
94%
Чувени наркобос из града изнад, који је поседовао богатство од око 30 милијарди долараПабло Ескобар
88%
Државе са којима се граничиВенецуела
87%
Државна валутаПезос
86%
Популарна певачица рођена у БаранкиљиШакира
83%
Линија географске ширине на којој ова држава лежиЕкватор
83%
Државе са којима се граничиПанама
75%
Море на које Колумбија излази на северуКарипско море
72%
Колумбија добија највише ____ на свету, чак 324 цм годишњеКише
64%
Други највећи градМедељин
49%
Први председник државе, познат под надимком "Ослободилац"Симон Боливар
41%
Нобеловац, аутор "Сто година самоће"Габријел Гарсија Маркес
41%
Бивша држава (1819-1830) која се састојала од Колумбије и њених суседа{Велика} Колумбија
33%
Трећи највећи градСантијаго де {Кали}
28%

Score Distribution

Percentile by Number Answered

Percent of People with Each Score

Your Score History

You have not taken this quiz